Sports Quiz

Random Sports or City Quiz

Big 4 Same Letter City/Team Quiz Stats

 Plays Quiz Updated May 16, 2019

Score 0/15 Timer 05:00
0 Plays Today
League Team % Correct
NBALos Angeles Lakers
78.8%
MLBChicago Cubs
73.6%
NFLSeattle Seahawks
72%
NFLTennessee Titans
66%
NHLBoston Bruins
65.7%
MLBPhiladelphia Phillies
65%
NFLJacksonville Jaguars
65%
MLBPittsburgh Pirates
64.9%
League Team % Correct
NFLBuffalo Bills
63.5%
NHLPittsburgh Penguins
57.6%
NBASan Antonio Spurs
56.7%
MLBMiami Marlins
56.2%
NBACleveland Cavaliers
55.3%
NBAWashington Wizards
51.7%
NHLSan Jose Sharks
38.3%

You're not logged in!

Compare scores with friends on all Sporcle quizzes.
OR
Log In

Sporcle TV

Today on Sporcle TV


Watch our educational content, quiz creation guides, and fun videos on Sporcle TV.

Show Comments

Extras

Top Quizzes Today


Score Distribution

Your Account Isn't Verified!

In order to create a playlist on Sporcle, you need to verify the email address you used during registration. Go to your Sporcle Settings to finish the process.

Report this User

Report this user for behavior that violates our Community Guidelines.

Details: